000 00528nam a2200181Ia 4500
003 GCL
008 140319s9999 xx 000 0 ara d
040 _aGCL /
_cGCL
082 0 4 _a787.1
_bى د
100 1 _aيسرى قطر
245 1 0 _aالدراسة الحديثة للكمان العربى /
_cيسرى قطر
490 _a100 قصة
_v0
650 0 4 _aالموسيقى
650 0 4 _aالالات الموسيقية الوترية
650 0 4 _aالكمان
650 0 4 _aالالات الوترية
942 _2ddc
_cBK
999 _c44077
_d44077